Statistics for Actors by Role #2

Click here to take the quiz!

General Stats

  • This quiz has been taken 5,429 times
  • The average score is 12 of 18

Answer Stats

Roles Actor % Correct
Killer robot, pregnant man, non-identical twinArnold Schwarzenegger
92%
Inmate in a Maine prison, southern chauffeur, GodMorgan Freeman
86%
Mafia casino operator, intimidating father-in-law, vigilante cabbieRobert de Niro
85%
British archaelogist, fairy tale villain, assassin whose husband is also an assassinAngelina Jolie
80%
Mentally unstable ballerina, friend of a Norse god, Jackie KennedyNatalie Portman
80%
Disco dancer, L.A. hit man, high school greaserJohn Travolta
77%
Austistic card counter, 1960s college graduate, transvestite actorDustin Hoffman
68%
Wild west gunslinger, alcoholic superhero, golf caddyWill Smith
68%
Cuban immigrant, Italian-American crime boss, literally the devilAl Pacino
67%
Frequent flier, casino thief, chain gang escapeeGeorge Clooney
65%
Winter caretaker of a Colorado hotel, hilarious supervillain, Boston crime lordJack Nicholson
64%
Las Vegas bachelor party attendee, sniper, raccoonBradley Cooper
62%
Chicago Prohibition enforcer, Robin Hood, friend to Native AmericansKevin Costner
61%
Paranormal psychiatrist, New York cop in a Los Angeles high rise, voice of a babyBruce Willis
59%
FBI agent hunting a serial killer, underage prostitute, feral woman living in the woodsJodie Foster
57%
Pregnant teenager, roller derby participant, near-death experimenterEllen Page
50%
Superhero's girlfriend, zombie apocalypse survivor, 1970s tennis legendEmma Stone
38%
Lamp-loving weatherman, long-nosed villain, Proust scholarSteve Carell
34%

Score Distribution

Percentile by Number Answered

Percent of People with Each Score

Your Score History

You have not taken this quiz